[Event "XXIII Festival A"]
[Site "Porto San Giorgio ITA"]
[Date "2011.08.28"]
[Round "9"]
[White "Zamengo, Bruno"]
[Black "Tribuiani, Renato"]
[Result "1-0"]
[WhiteElo "1936"]
[BlackElo "2029"]
[PlyCount "132"]
[EventDate "2011.08.21"]

1. e4 Nc6 2. d4 e5 3. c3 d6 4. Bb5 Bd7 5. Nf3 Qe7 6. d5 Nd8 7. Bc4 h6 8. Qc2 g5
9. Nbd2 Bg7 10. Nf1 Nf6 11. Bd2 Nh5 12. O-O-O b5 13. Bb3 a5 14. a3 Nb7 15. h4
Bf6 16. hxg5 hxg5 17. g3 g4 18. Nh4 Nf4 19. Nf5 Bxf5 20. Rxh8+ Bxh8 21. exf5
Nh5 22. Qd3 Qd7 23. Bc2 Nf6 24. Ne3 Ke7 25. Qe2 Nc5 26. Nxg4 b4 27. cxb4 axb4
28. Bxb4 Nxg4 29. Qxg4 Qb5 30. Bc3 Bf6 31. Rh1 Ra7 32. Rh7 Qf1+ 33. Bd1 Nd3+
34. Kc2 Nxf2 35. Qe2 Nxd1 36. Qxd1 Qxf5+ 37. Qd3 Qxd3+ 38. Kxd3 Ra4 39. Bb4 e4+
40. Kc2 Be5 41. Bc3 Bxc3 42. Kxc3 Ra8 43. Rh4 Kf6 44. Kd4 Re8 45. Ke3 Kg5 46.
Rh7 Kg6 47. Rh2 Kg5 48. Rf2 Re7 49. Rf4 Re5 50. Rxf7 Kg6 51. Rxc7 Kf5 52. Rf7+
Kg6 53. Rf2 Rxd5 54. Kxe4 Rd1 55. b4 Ra1 56. Rf3 Ra2 57. Kd5 Rd2+ 58. Kc6 d5
59. b5 d4 60. b6 Rc2+ 61. Kb7 Rc3 62. Rf4 d3 63. a4 Kg5 64. Rd4 Ra3 65. Ka6 Kf5
66. Rd8 Rxa4+ 1-0

[Event "XXIII Festival A"]
[Site "Porto San Giorgio ITA"]
[Date "2011.08.28"]
[Round "9"]
[White "Zannoni, Gianni"]
[Black "Guglielmi, Dante"]
[Result "0-1"]
[WhiteElo "1846"]
[BlackElo "1878"]
[PlyCount "98"]
[EventDate "2011.08.21"]

1. Nf3 Nf6 2. g3 g6 3. Bg2 Bg7 4. O-O O-O 5. c3 d5 6. d3 Nbd7 7. Nbd2 c6 8. e4
Qc7 9. Re1 dxe4 10. dxe4 Nc5 11. Qc2 Rd8 12. Bf1 Ng4 13. Nb3 Nd7 14. Bg5 Nde5
15. Nxe5 Nxe5 16. Be2 Bh3 17. Bf4 h6 18. Rad1 g5 19. Be3 Ng4 20. Bc1 Qb6 21.
Bf1 Bxf1 22. Rxf1 Qa6 23. Nc5 Qb5 24. Nd3 Qc4 25. f3 Bd4+ 26. Kh1 Ne3 27. Bxe3
Bxe3 28. b3 Qe6 29. Rfe1 Bb6 30. Nf2 Qf6 31. Kg2 h5 32. e5 Qg7 33. Qe4 Qh7 34.
Qxh7+ Kxh7 35. Ne4 Kg6 36. a4 Rd5 37. Rxd5 cxd5 38. Nf2 Rd8 39. Nd1 Kf5 40. h4
gxh4 41. f4 hxg3 42. Kxg3 Rg8+ 43. Kf3 Rg4 44. Rh1 Rxf4+ 45. Ke2 h4 46. Rh2
Kxe5 47. Nb2 Kf5 48. b4 Re4+ 49. Kf1 Bc7 0-1